Представление документа в формате RUSMARC

ПолеНазваниеЗначение
  Тип записи a
  Библиографический уровень m
001 Контрольный номер RU/CBS_UL/BASE/1412cd6b561444dd92dfb1ef92be3bdd
005 Дата корректировки 20260427083238.2
010 Индекс ISBN __
a ISBN 978-5-7670-2140-6
b Уточнения в пер.
d Цена 80 р. 66 к.
9 Тираж 1 000 экз.
100 Данные общей обработки __
a Данные общей обработки 20241129d 0rusy0189## ca
101 Язык документа 0_
a Язык текста chv
102 Страна публикации __
a Страна публикации RU
200 Заглавие и сведения об ответственности 1_
a Заглавие Куҫӗсем!… Ах, куҫӗсем!
d Параллельное заглавие Глазки!.. Эх, глазки
e Сведения, относящиеся к заглавию повеҫсем, калавсем, поэма
e Сведения, относящиеся к заглавию на чуваш. яз.
f Первые сведения об ответственности М. Мерчен
g Последующие сведения об ответственности [худож. И. В. Алексеев, В. И. Агеев]
210 Выходные данные 1_
a Место издания Чебоксары
c Издательство Чувашское книжное издательство
d Дата издания 2014
215 Физическое описание __
a Объем 349, [2] с.
c Иллюстрации/тип воспроизводства портр., ил.
d Формат 20,5 см.
300 Общие примечания __
a Общие примечания 16+
606 Тематические рубрики 0_
a Основная рубрика Чувашская литература, 20-21 вв.
610 Ключевые слова 0_
a Ключевые слова литература чувашская; проза; повести чувашские; литература художественная; поэзия; любовь; нравственные ценности
686 Индексы других классификаций __
2 Код системы rubbk
a Классификационный индекс 84(2Рос=Чув)6
700 Автор _1
a Фамилия Мерчен
b Имя (инициалы) М.
g Полное личное имя Михаил
801 Источник записи _0
a Страна RU
b Организация МБУК ЦБС г. Ульяновска
c Дата составления 20241129
g Правила каталогизации RCR
801 Источник записи _1
a Страна RU
b Организация МБУК ЦБС г. Ульяновска
c Дата составления 20241129
g Правила каталогизации RCR
852 Данные о местонахождении __
i Авторский знак М 52
j Шифр хранения Р6=Чув
900 Электронные ресурсы __
a Имя электронного ресурса мерчен глазки
901 Тип документа __
t Тип документа m